| 000 | 00836nam a2200277 a 4500 | ||
|---|---|---|---|
| 001 | 2957283 | ||
| 003 | NUST - PNEC | ||
| 005 | 20170116180900.0 | ||
| 008 | 910626s1990 pk ab 000 0 eng | ||
| 010 | _a 90931817 | ||
| 020 | _a9698010084 | ||
| 020 | _a9789698010089 | ||
| 020 | _a9698657061 | ||
| 040 |
_aDLC _cLIBRARY |
||
| 043 | _aa-pk--- | ||
| 050 | 0 | 0 |
_aGB545.P18 _bR39 1990 |
| 082 | 0 | 0 | _a551.432095491 RAZ |
| 100 | 1 | _aRaza, M. Hanif. | |
| 245 | 1 | 0 |
_aMountains of Pakistan / _cM. Hanif Raza. |
| 260 |
_aIslamabad, Pakistan : _bColorpix, _c1990. |
||
| 300 |
_a150 p. : _bill. (some col.), maps ; _c23 x 29 cm. |
||
| 650 | 0 |
_aMountains _zPakistan. _xGeneral |
|
| 906 |
_a7 _bcbc _corignew _d3 _encip _f19 _gy-gencatlg |
||
| 942 |
_2ddc _cBK |
||
| 999 |
_c64928 _d64928 |
||